| 000 | 00465nam a2200157Ia 4500 | ||
|---|---|---|---|
| 008 | 151213s9999 xx 000 0 und d | ||
| 100 | _aV.D.Kulshrestgan.(Rev. B.M.Gandhi) | ||
| 245 |
_aLandmark In Indian Legal and Constitutional Law _cV.D.Kulshrestgan.(Rev. B.M.Gandhi) |
||
| 250 | _a8th | ||
| 260 |
_aDelhi _bEastern Book Company _c2005 |
||
| 300 | _a3679 p. | ||
| 650 | _aLaw | ||
| 650 | _aLaw | ||
| 700 | _aV.D.Kulshrestgan.(Rev. B.M.Gandhi) | ||
| 999 |
_c2450 _d2450 |
||